[Event "ODJM B 2024"]
[Site "Willingen GER"]
[Date "2024.05.23"]
[Round "7"]
[White "Müller, Maximilian"]
[Black "Wilmink, Luca"]
[Result "1/2-1/2"]
[Termination "normal"]
[Board "24"]
[WhiteElo "1583"]
[BlackElo "1737"]
[WhiteClock "00:24:31"]
[BlackClock "00:48:19"]
[PlyCount "82"]
[WhiteFideId "34640282"]
[BlackFideId "16245253"]
[EventCountry "GER"]
[EventRounds "9"]
[EventType "swiss"]
[EventDate "2024.05.18"]

1. e4 {[%clk 01:30:59]} {[%emt 00:00:01]} c5 {[%clk 01:30:48]} {[%emt
00:00:12]} 2. Nf3 {[%clk 01:31:24]} {[%emt 00:00:05]} Nc6 {[%clk 01:30:53]}
{[%emt 00:00:25]} 3. d4 {[%clk 01:31:48]} {[%emt 00:00:07]} cxd4 {[%clk
01:31:00]} {[%emt 00:00:22]} 4. Nxd4 {[%clk 01:32:11]} {[%emt 00:00:06]} Nf6
{[%clk 01:30:58]} {[%emt 00:00:32]} 5. Nc3 {[%clk 01:32:35]} {[%emt 00:00:07]}
g6 {[%clk 01:30:32]} {[%emt 00:00:56]} 6. Be3 {[%clk 01:32:59]} {[%emt
00:00:05]} Bg7 {[%clk 01:29:55]} {[%emt 00:01:08]} 7. Bc4 {[%clk 01:33:13]}
{[%emt 00:00:16]} O-O {[%clk 01:30:01]} {[%emt 00:00:24]} 8. Bb3 {[%clk
01:33:28]} {[%emt 00:00:15]} d6 {[%clk 01:29:06]} {[%emt 00:01:25]} 9. f3
{[%clk 01:33:51]} {[%emt 00:00:07]} Nxd4 {[%clk 01:23:07]} {[%emt 00:06:28]}
10. Bxd4 {[%clk 01:34:13]} {[%emt 00:00:09]} Be6 {[%clk 01:23:10]} {[%emt
00:00:28]} 11. O-O {[%clk 01:30:30]} {[%emt 00:04:12]} Bxb3 {[%clk 01:16:06]}
{[%emt 00:07:33]} 12. axb3 {[%clk 01:30:51]} {[%emt 00:00:10]} a6 {[%clk
01:16:19]} {[%emt 00:00:17]} 13. e5 {[%clk 01:20:03]} {[%emt 00:11:18]} dxe5
{[%clk 01:15:24]} {[%emt 00:01:25]} 14. Bxe5 {[%clk 01:20:27]} {[%emt
00:00:06]} Qb6+ {[%clk 01:15:20]} {[%emt 00:00:34]} 15. Kh1 {[%clk 01:16:54]}
{[%emt 00:04:02]} Bh6 {[%clk 01:12:14]} {[%emt 00:03:37]} 16. Bxf6 {[%clk
01:08:16]} {[%emt 00:09:08]} Qxf6 {[%clk 01:11:27]} {[%emt 00:01:17]} 17. Nd5
{[%clk 01:02:54]} {[%emt 00:05:52]} Qxb2 {[%clk 01:08:45]} {[%emt 00:03:11]}
18. Nxe7+ {[%clk 01:00:47]} {[%emt 00:02:37]} Kh8 {[%clk 01:08:52]} {[%emt
00:00:24]} 19. Nd5 {[%clk 00:59:51]} {[%emt 00:01:26]} Rad8 {[%clk 01:07:43]}
{[%emt 00:01:39]} 20. c4 {[%clk 01:00:12]} {[%emt 00:00:09]} Bg7 {[%clk
01:06:44]} {[%emt 00:01:30]} 21. Rb1 {[%clk 01:00:12]} {[%emt 00:00:29]} Qa2
{[%clk 01:06:49]} {[%emt 00:00:24]} 22. Rc1 {[%clk 00:53:27]} {[%emt 00:07:16]}
Rfe8 {[%clk 01:06:14]} {[%emt 00:01:04]} 23. Qc2 {[%clk 00:49:58]} {[%emt
00:03:59]} Re2 {[%clk 01:03:56]} {[%emt 00:02:48]} 24. Qxa2 {[%clk 00:50:09]}
{[%emt 00:00:20]} Rxa2 {[%clk 01:04:19]} {[%emt 00:00:07]} 25. Rfe1 {[%clk
00:44:47]} {[%emt 00:05:52]} Bf8 {[%clk 01:04:21]} {[%emt 00:00:27]} 26. h4
{[%clk 00:40:25]} {[%emt 00:04:52]} Rb2 {[%clk 01:03:01]} {[%emt 00:01:50]} 27.
Rb1 {[%clk 00:39:11]} {[%emt 00:01:45]} Rxb1 {[%clk 01:03:22]} {[%emt
00:00:09]} 28. Rxb1 {[%clk 00:39:36]} {[%emt 00:00:05]} Re8 {[%clk 01:03:40]}
{[%emt 00:00:12]} 29. Kh2 {[%clk 00:37:58]} {[%emt 00:02:08]} Re2 {[%clk
01:01:37]} {[%emt 00:02:32]} 30. Kh3 {[%clk 00:33:26]} {[%emt 00:05:03]} Bd6
{[%clk 01:00:49]} {[%emt 00:01:18]} 31. Nc3 {[%clk 00:32:02]} {[%emt 00:01:53]}
Rc2 {[%clk 00:57:37]} {[%emt 00:03:43]} 32. Ne4 {[%clk 00:31:31]} {[%emt
00:01:01]} Be5 {[%clk 00:57:46]} {[%emt 00:00:21]} 33. Nc5 {[%clk 00:28:24]}
{[%emt 00:03:37]} b5 {[%clk 00:56:09]} {[%emt 00:02:07]} 34. Nxa6 {[%clk
00:27:10]} {[%emt 00:01:44]} bxc4 {[%clk 00:56:16]} {[%emt 00:00:23]} 35. bxc4
{[%clk 00:27:33]} {[%emt 00:00:08]} Rxc4 {[%clk 00:56:31]} {[%emt 00:00:14]}
36. Nb4 {[%clk 00:27:04]} {[%emt 00:00:59]} Bf6 {[%clk 00:53:23]} {[%emt
00:03:38]} 37. g3 {[%clk 00:27:27]} {[%emt 00:00:07]} Kg7 {[%clk 00:51:33]}
{[%emt 00:02:20]} 38. Nd5 {[%clk 00:24:28]} {[%emt 00:03:30]} Rc2 {[%clk
00:49:54]} {[%emt 00:02:08]} 39. Nxf6 {[%clk 00:24:44]} {[%emt 00:00:15]} Kxf6
{[%clk 00:50:22]} {[%emt 00:00:02]} 40. f4 {[%clk 00:25:01]} {[%emt 00:00:13]}
h6 {[%clk 00:49:43]} {[%emt 00:01:09]} 41. Rb5 {[%clk 00:24:31]} {[%emt
00:01:00]} Rc6 {[%clk 00:48:19]} {[%emt 00:01:53]} 1/2-1/2

[Event "ODJM B 2024"]
[Site "Willingen GER"]
[Date "2024.05.23"]
[Round "7"]
[White "Eitel, Luc"]
[Black "Grunert, Heinrich"]
[Result "1-0"]
[Termination "normal"]
[Board "25"]
[WhiteElo "1734"]
[BlackElo "1668"]
[WhiteClock "00:46:16"]
[BlackClock "00:41:25"]
[PlyCount "41"]
[WhiteFideId "16299728"]
[BlackFideId "16213416"]
[EventCountry "GER"]
[EventRounds "9"]
[EventType "swiss"]
[EventDate "2024.05.18"]

1. e4 {[%clk 01:30:51]} {[%emt 00:00:08]} e6 {[%clk 01:30:55]} {[%emt
00:00:05]} 2. d4 {[%clk 01:31:17]} {[%emt 00:00:04]} d5 {[%clk 01:31:21]}
{[%emt 00:00:04]} 3. Nd2 {[%clk 01:31:42]} {[%emt 00:00:06]} Nc6 {[%clk
01:31:41]} {[%emt 00:00:09]} 4. c3 {[%clk 01:30:53]} {[%emt 00:01:20]} e5
{[%clk 01:31:01]} {[%emt 00:01:10]} 5. Bb5 {[%clk 01:21:19]} {[%emt 00:10:04]}
exd4 {[%clk 01:26:42]} {[%emt 00:04:48]} 6. Qa4 {[%clk 01:13:36]} {[%emt
00:08:14]} Qf6 {[%clk 01:15:36]} {[%emt 00:11:36]} 7. Ngf3 {[%clk 01:07:39]}
{[%emt 00:06:27]} Bd7 {[%clk 01:13:25]} {[%emt 00:02:40]} 8. exd5 {[%clk
01:05:15]} {[%emt 00:02:54]} Ne5 {[%clk 01:11:28]} {[%emt 00:02:27]} 9. O-O
{[%clk 01:00:36]} {[%emt 00:05:08]} a6 {[%clk 00:59:11]} {[%emt 00:12:49]} 10.
Bxd7+ {[%clk 01:00:00]} {[%emt 00:01:05]} Nxd7 {[%clk 00:59:33]} {[%emt
00:00:08]} 11. Re1+ {[%clk 00:59:11]} {[%emt 00:01:20]} Be7 {[%clk 00:58:57]}
{[%emt 00:01:06]} 12. Ne4 {[%clk 00:58:37]} {[%emt 00:01:03]} Qb6 {[%clk
00:57:50]} {[%emt 00:01:38]} 13. Bf4 {[%clk 00:55:33]} {[%emt 00:03:34]} O-O-O
{[%clk 00:57:16]} {[%emt 00:01:04]} 14. d6 {[%clk 00:50:12]} {[%emt 00:05:50]}
cxd6 {[%clk 00:54:18]} {[%emt 00:03:29]} 15. cxd4 {[%clk 00:49:24]} {[%emt
00:01:18]} f5 {[%clk 00:50:12]} {[%emt 00:04:36]} 16. Rac1+ {[%clk 00:47:54]}
{[%emt 00:01:59]} Kb8 {[%clk 00:50:37]} {[%emt 00:00:06]} 17. Nc5 {[%clk
00:48:02]} {[%emt 00:00:22]} Nxc5 {[%clk 00:49:18]} {[%emt 00:01:48]} 18. dxc5
{[%clk 00:47:14]} {[%emt 00:01:18]} Qa7 {[%clk 00:47:02]} {[%emt 00:02:46]} 19.
c6 {[%clk 00:46:55]} {[%emt 00:00:49]} bxc6 {[%clk 00:46:01]} {[%emt 00:01:32]}
20. Rxc6 {[%clk 00:46:50]} {[%emt 00:00:33]} Kb7 {[%clk 00:41:25]} {[%emt
00:05:07]} 21. Rec1 {[%clk 00:46:16]} {[%emt 00:01:05]} 1-0

[Event "ODJM B 2024"]
[Site "Willingen GER"]
[Date "2024.05.23"]
[Round "7"]
[White "Fettig, Michel"]
[Black "Borgmann, Simon"]
[Result "0-1"]
[Termination "normal"]
[Board "26"]
[WhiteElo "1680"]
[BlackElo "1683"]
[WhiteClock "00:20:58"]
[BlackClock "00:01:09"]
[PlyCount "108"]
[WhiteFideId "34608982"]
[BlackFideId "16234677"]
[EventCountry "GER"]
[EventRounds "9"]
[EventType "swiss"]
[EventDate "2024.05.18"]

1. c4 {[%clk 01:30:57]} {[%emt 00:00:03]} Nf6 {[%clk 01:28:56]} {[%emt
00:02:05]} 2. g3 {[%clk 01:29:17]} {[%emt 00:02:09]} e6 {[%clk 01:26:35]}
{[%emt 00:02:52]} 3. Bg2 {[%clk 01:29:06]} {[%emt 00:00:41]} d5 {[%clk
01:25:30]} {[%emt 00:01:35]} 4. cxd5 {[%clk 01:29:02]} {[%emt 00:00:33]} exd5
{[%clk 01:25:50]} {[%emt 00:00:11]} 5. d4 {[%clk 01:28:49]} {[%emt 00:00:43]}
Bf5 {[%clk 01:20:07]} {[%emt 00:06:13]} 6. Nc3 {[%clk 01:27:07]} {[%emt
00:02:11]} c6 {[%clk 01:19:22]} {[%emt 00:01:16]} 7. Qb3 {[%clk 01:24:00]}
{[%emt 00:03:36]} Qb6 {[%clk 01:14:11]} {[%emt 00:05:41]} 8. Nf3 {[%clk
01:20:28]} {[%emt 00:04:03]} Nbd7 {[%clk 01:10:19]} {[%emt 00:04:23]} 9. O-O
{[%clk 01:16:55]} {[%emt 00:04:02]} Bd6 {[%clk 01:06:53]} {[%emt 00:03:56]} 10.
Re1 {[%clk 01:10:43]} {[%emt 00:06:42]} O-O {[%clk 01:05:26]} {[%emt 00:01:57]}
11. Nh4 {[%clk 00:53:23]} {[%emt 00:17:50]} Be6 {[%clk 00:54:04]} {[%emt
00:11:51]} 12. Qd1 {[%clk 00:50:48]} {[%emt 00:03:05]} Rfe8 {[%clk 00:50:29]}
{[%emt 00:04:05]} 13. Bg5 {[%clk 00:44:33]} {[%emt 00:06:46]} h6 {[%clk
00:49:37]} {[%emt 00:01:22]} 14. Bxf6 {[%clk 00:42:51]} {[%emt 00:02:11]} Nxf6
{[%clk 00:50:01]} {[%emt 00:00:07]} 15. Qd2 {[%clk 00:41:01]} {[%emt 00:02:19]}
Be7 {[%clk 00:47:09]} {[%emt 00:03:22]} 16. Na4 {[%clk 00:37:35]} {[%emt
00:03:57]} Qb4 {[%clk 00:43:50]} {[%emt 00:03:48]} 17. Qxb4 {[%clk 00:35:27]}
{[%emt 00:02:38]} Bxb4 {[%clk 00:44:10]} {[%emt 00:00:10]} 18. Red1 {[%clk
00:34:59]} {[%emt 00:00:56]} g5 {[%clk 00:42:31]} {[%emt 00:02:12]} 19. Nf3
{[%clk 00:33:55]} {[%emt 00:01:33]} Bf5 {[%clk 00:41:51]} {[%emt 00:01:10]} 20.
Nc3 {[%clk 00:32:02]} {[%emt 00:02:24]} Bxc3 {[%clk 00:41:21]} {[%emt
00:01:00]} 21. bxc3 {[%clk 00:32:29]} {[%emt 00:00:02]} Rxe2 {[%clk 00:41:26]}
{[%emt 00:00:25]} 22. Ne5 {[%clk 00:29:19]} {[%emt 00:03:40]} Ne4 {[%clk
00:31:10]} {[%emt 00:10:46]} 23. Bxe4 {[%clk 00:23:30]} {[%emt 00:06:19]} Bxe4
{[%clk 00:31:15]} {[%emt 00:00:24]} 24. f3 {[%clk 00:21:13]} {[%emt 00:02:48]}
Bh7 {[%clk 00:30:46]} {[%emt 00:00:58]} 25. Re1 {[%clk 00:20:44]} {[%emt
00:01:00]} Rxe1+ {[%clk 00:30:55]} {[%emt 00:00:22]} 26. Rxe1 {[%clk 00:20:42]}
{[%emt 00:00:31]} Re8 {[%clk 00:30:52]} {[%emt 00:00:33]} 27. Rf1 {[%clk
00:20:57]} {[%emt 00:00:16]} f6 {[%clk 00:29:50]} {[%emt 00:01:32]} 28. Ng4
{[%clk 00:20:58]} {[%emt 00:00:28]} Kg7 {[%clk 00:30:11]} {[%emt 00:00:09]} 29.
f4 {[%clk 00:20:13]} {[%emt 00:01:15]} h5 {[%clk 00:29:08]} {[%emt 00:01:34]}
30. Nf2 {[%clk 00:18:59]} {[%emt 00:01:44]} Re2 {[%clk 00:28:12]} {[%emt
00:01:26]} 31. fxg5 {[%clk 00:18:49]} {[%emt 00:00:40]} fxg5 {[%clk 00:28:37]}
{[%emt 00:00:05]} 32. Nh3 {[%clk 00:18:28]} {[%emt 00:00:51]} Kg6 {[%clk
00:25:01]} {[%emt 00:04:05]} 33. Rf8 {[%clk 00:18:18]} {[%emt 00:00:40]} Rxa2
{[%clk 00:24:11]} {[%emt 00:01:20]} 34. Rb8 {[%clk 00:18:25]} {[%emt 00:00:23]}
Rb2 {[%clk 00:23:53]} {[%emt 00:00:49]} 35. Nf2 {[%clk 00:18:30]} {[%emt
00:00:25]} Kf7 {[%clk 00:15:39]} {[%emt 00:08:43]} 36. Nh3 {[%clk 00:18:46]}
{[%emt 00:00:15]} Kg6 {[%clk 00:13:41]} {[%emt 00:02:27]} 37. Nf2 {[%clk
00:19:08]} {[%emt 00:00:08]} Kf6 {[%clk 00:09:21]} {[%emt 00:04:49]} 38. Rf8+
{[%clk 00:18:46]} {[%emt 00:00:53]} Kg7 {[%clk 00:09:45]} {[%emt 00:00:05]} 39.
Rb8 {[%clk 00:18:51]} {[%emt 00:00:26]} a5 {[%clk 00:08:47]} {[%emt 00:01:28]}
40. Nh3 {[%clk 00:19:05]} {[%emt 00:00:15]} Kg6 {[%clk 00:08:30]} {[%emt
00:00:48]} 41. Nf2 {[%clk 00:19:19]} {[%emt 00:00:17]} Kf6 {[%clk 00:07:02]}
{[%emt 00:01:56]} 42. Ra8 {[%clk 00:19:37]} {[%emt 00:00:13]} Rb5 {[%clk
00:06:10]} {[%emt 00:01:21]} 43. Kg2 {[%clk 00:18:01]} {[%emt 00:02:06]} Be4+
{[%clk 00:03:52]} {[%emt 00:02:48]} 44. Kf1 {[%clk 00:18:04]} {[%emt 00:00:28]}
b6 {[%clk 00:01:59]} {[%emt 00:02:23]} 45. Rh8 {[%clk 00:17:50]} {[%emt
00:00:43]} a4 {[%clk 00:01:35]} {[%emt 00:00:56]} 46. Rh6+ {[%clk 00:18:08]}
{[%emt 00:00:12]} Kg7 {[%clk 00:01:45]} {[%emt 00:00:19]} 47. Rxc6 {[%clk
00:18:34]} {[%emt 00:00:03]} a3 {[%clk 00:01:42]} {[%emt 00:00:34]} 48. Rc7+
{[%clk 00:19:02]} {[%emt 00:00:02]} Kf8 {[%clk 00:02:04]} {[%emt 00:00:07]} 49.
c4 {[%clk 00:19:24]} {[%emt 00:00:09]} Rb1+ {[%clk 00:01:40]} {[%emt 00:00:54]}
50. Ke2 {[%clk 00:19:24]} {[%emt 00:00:30]} a2 {[%clk 00:02:01]} {[%emt
00:00:09]} 51. cxd5 {[%clk 00:19:48]} {[%emt 00:00:07]} Bxd5 {[%clk 00:01:20]}
{[%emt 00:01:10]} 52. Nd3 {[%clk 00:20:10]} {[%emt 00:00:07]} a1=Q {[%emt
00:00:18]} 53. Ne5 {[%clk 00:20:30]} {[%emt 00:00:10]} Qb2+ {[%clk 00:01:09]}
{[%emt 00:00:54]} 54. Ke3 {[%clk 00:20:58]} {[%emt 00:00:02]} Re1+ {[%clk
00:01:09]} {[%emt 00:00:29]} 0-1

[Event "ODJM B 2024"]
[Site "Willingen GER"]
[Date "2024.05.23"]
[Round "7"]
[White "Frank, Carolin"]
[Black "Klein, Tristan"]
[Result "0-1"]
[Termination "normal"]
[Board "27"]
[WhiteElo "1766"]
[BlackElo "1701"]
[WhiteClock "00:03:36"]
[BlackClock "00:20:16"]
[PlyCount "64"]
[WhiteFideId "16207190"]
[BlackFideId "34621210"]
[EventCountry "GER"]
[EventRounds "9"]
[EventType "swiss"]
[EventDate "2024.05.18"]

1. Nf3 {[%clk 01:30:57]} {[%emt 00:00:02]} Nf6 {[%clk 01:30:54]} {[%emt
00:00:06]} 2. g3 {[%clk 01:31:21]} {[%emt 00:00:06]} b5 {[%clk 01:31:19]}
{[%emt 00:00:05]} 3. Bg2 {[%clk 01:31:27]} {[%emt 00:00:24]} Bb7 {[%clk
01:31:43]} {[%emt 00:00:07]} 4. O-O {[%clk 01:31:29]} {[%emt 00:00:27]} e6
{[%clk 01:31:49]} {[%emt 00:00:24]} 5. d3 {[%clk 01:30:29]} {[%emt 00:01:30]}
Be7 {[%clk 01:30:57]} {[%emt 00:01:22]} 6. Nbd2 {[%clk 01:28:39]} {[%emt
00:02:20]} c5 {[%clk 01:30:34]} {[%emt 00:00:53]} 7. e4 {[%clk 01:26:24]}
{[%emt 00:02:45]} d6 {[%clk 01:30:44]} {[%emt 00:00:21]} 8. h3 {[%clk
01:16:16]} {[%emt 00:10:37]} Qb6 {[%clk 01:21:32]} {[%emt 00:09:42]} 9. Nh2
{[%clk 01:10:44]} {[%emt 00:06:03]} Nc6 {[%clk 01:17:16]} {[%emt 00:04:45]} 10.
Kh1 {[%clk 01:06:31]} {[%emt 00:04:43]} Rc8 {[%clk 01:10:50]} {[%emt 00:06:56]}
11. f4 {[%clk 01:04:53]} {[%emt 00:02:08]} Nb4 {[%clk 01:02:34]} {[%emt
00:08:46]} 12. a3 {[%clk 00:59:45]} {[%emt 00:05:38]} Na6 {[%clk 00:59:13]}
{[%emt 00:03:51]} 13. Qe2 {[%emt 00:17:38]} O-O {[%clk 00:56:37]} {[%emt
00:00:01]} 14. g4 {[%clk 00:38:36]} {[%emt 00:07:36]} c4 {[%clk 00:48:51]}
{[%emt 00:08:16]} 15. dxc4 {[%clk 00:32:40]} {[%emt 00:06:25]} bxc4 {[%clk
00:49:13]} {[%emt 00:00:08]} 16. g5 {[%clk 00:31:23]} {[%emt 00:01:47]} Nd7
{[%clk 00:47:27]} {[%emt 00:02:17]} 17. Ndf3 {[%clk 00:22:10]} {[%emt
00:09:43]} d5 {[%clk 00:47:28]} {[%emt 00:00:30]} 18. exd5 {[%clk 00:20:51]}
{[%emt 00:01:48]} Bxd5 {[%clk 00:47:07]} {[%emt 00:00:50]} 19. f5 {[%clk
00:14:49]} {[%emt 00:06:33]} c3 {[%clk 00:41:50]} {[%emt 00:05:46]} 20. Be3
{[%clk 00:14:16]} {[%emt 00:01:02]} Bc5 {[%clk 00:41:32]} {[%emt 00:00:48]} 21.
Bxc5 {[%clk 00:14:16]} {[%emt 00:00:31]} Naxc5 {[%clk 00:41:47]} {[%emt
00:00:15]} 22. b4 {[%clk 00:12:48]} {[%emt 00:01:58]} Ne4 {[%clk 00:40:44]}
{[%emt 00:01:33]} 23. Qe1 {[%clk 00:12:37]} {[%emt 00:00:41]} exf5 {[%clk
00:40:46]} {[%emt 00:00:28]} 24. Nh4 {[%clk 00:12:19]} {[%emt 00:00:48]} g6
{[%clk 00:33:04]} {[%emt 00:08:12]} 25. Rd1 {[%clk 00:12:01]} {[%emt 00:00:48]}
Qc6 {[%clk 00:31:27]} {[%emt 00:02:07]} 26. Qe3 {[%clk 00:09:09]} {[%emt
00:03:20]} Rfe8 {[%clk 00:29:56]} {[%emt 00:02:03]} 27. Qd3 {[%clk 00:08:15]}
{[%emt 00:01:24]} Nb6 {[%clk 00:27:21]} {[%emt 00:03:05]} 28. Rf3 {[%clk
00:06:34]} {[%emt 00:02:10]} Bc4 {[%clk 00:21:26]} {[%emt 00:06:26]} 29. Qd4
{[%clk 00:05:59]} {[%emt 00:01:05]} Be2 {[%clk 00:20:37]} {[%emt 00:01:19]} 30.
Rxf5 {[%clk 00:03:36]} {[%emt 00:02:54]} Bxd1 {[%clk 00:19:49]} {[%emt
00:01:18]} 31. Rc5 {[%clk 00:03:12]} {[%emt 00:00:53]} Ng3+ {[%clk 00:19:53]}
{[%emt 00:00:26]} 32. Kg1 {[%clk 00:03:36]} {[%emt 00:00:06]} Ne2+ {[%clk
00:20:16]} {[%emt 00:00:08]} 0-1

[Event "ODJM B 2024"]
[Site "Willingen GER"]
[Date "2024.05.23"]
[Round "7"]
[White "Foos, Vanessa"]
[Black "Neumeier, Konstantin"]
[Result "1-0"]
[Termination "normal"]
[Board "28"]
[WhiteElo "1588"]
[BlackElo "1710"]
[WhiteClock "01:00:29"]
[BlackClock "01:36:24"]
[PlyCount "92"]
[WhiteFideId "16245270"]
[BlackFideId "34608230"]
[EventCountry "GER"]
[EventRounds "9"]
[EventType "swiss"]
[EventDate "2024.05.18"]

1. e4 {[%clk 01:30:56]} {[%emt 00:00:04]} e5 {[%clk 01:30:54]} {[%emt
00:00:05]} 2. Nf3 {[%clk 01:31:22]} {[%emt 00:00:04]} Nc6 {[%clk 01:31:20]}
{[%emt 00:00:04]} 3. Bc4 {[%clk 01:31:47]} {[%emt 00:00:06]} Nf6 {[%clk
01:31:45]} {[%emt 00:00:04]} 4. Ng5 {[%clk 01:32:13]} {[%emt 00:00:04]} d5
{[%clk 01:32:10]} {[%emt 00:00:05]} 5. exd5 {[%clk 01:32:39]} {[%emt 00:00:04]}
Na5 {[%clk 01:32:37]} {[%emt 00:00:03]} 6. Bb5+ {[%clk 01:33:00]} {[%emt
00:00:10]} c6 {[%clk 01:33:03]} {[%emt 00:00:05]} 7. dxc6 {[%clk 01:33:24]}
{[%emt 00:00:05]} bxc6 {[%clk 01:33:30]} {[%emt 00:00:03]} 8. Qf3 {[%clk
01:32:11]} {[%emt 00:01:43]} Rb8 {[%clk 01:33:46]} {[%emt 00:00:13]} 9. Bxc6+
{[%clk 01:30:45]} {[%emt 00:01:56]} Nxc6 {[%clk 01:34:12]} {[%emt 00:00:05]}
10. Qxc6+ {[%clk 01:31:09]} {[%emt 00:00:06]} Nd7 {[%clk 01:34:38]} {[%emt
00:00:04]} 11. d3 {[%clk 01:16:40]} {[%emt 00:14:58]} Rb6 {[%clk 01:34:42]}
{[%emt 00:00:27]} 12. Qc4 {[%clk 01:16:13]} {[%emt 00:00:56]} Qf6 {[%clk
01:32:03]} {[%emt 00:03:08]} 13. Qxc8+ {[%clk 01:16:27]} {[%emt 00:00:18]} Ke7
{[%clk 01:32:09]} {[%emt 00:00:23]} 14. Nc3 {[%clk 01:14:50]} {[%emt 00:02:08]}
Rc6 {[%clk 01:31:57]} {[%emt 00:00:42]} 15. Nd5+ {[%clk 01:14:37]} {[%emt
00:00:43]} Kd6 {[%clk 01:32:09]} {[%emt 00:00:17]} 16. Qxc6+ {[%clk 01:14:43]}
{[%emt 00:00:25]} Kxc6 {[%clk 01:32:32]} {[%emt 00:00:07]} 17. Nxf6 {[%clk
01:14:58]} {[%emt 00:00:14]} Nxf6 {[%clk 01:32:55]} {[%emt 00:00:07]} 18. Nxf7
{[%clk 01:15:03]} {[%emt 00:00:25]} Rg8 {[%clk 01:33:17]} {[%emt 00:00:08]} 19.
Nxe5+ {[%clk 01:15:28]} {[%emt 00:00:05]} Kd5 {[%clk 01:33:39]} {[%emt
00:00:08]} 20. Nc4 {[%clk 01:15:14]} {[%emt 00:00:45]} Bc5 {[%clk 01:33:54]}
{[%emt 00:00:14]} 21. Be3 {[%clk 01:15:23]} {[%emt 00:00:22]} Rf8 {[%clk
01:34:13]} {[%emt 00:00:10]} 22. Bxc5 {[%clk 01:15:32]} {[%emt 00:00:21]} Kxc5
{[%clk 01:34:42]} {[%emt 00:00:02]} 23. O-O {[%clk 01:15:46]} {[%emt 00:00:15]}
Ng4 {[%clk 01:35:07]} {[%emt 00:00:06]} 24. Ne5 {[%clk 01:16:05]} {[%emt
00:00:11]} Nxe5 {[%clk 01:35:26]} {[%emt 00:00:10]} 25. a3 {[%clk 01:15:31]}
{[%emt 00:01:05]} Ng4 {[%clk 01:35:41]} {[%emt 00:00:14]} 26. Rae1 {[%clk
01:14:53]} {[%emt 00:01:08]} Nf6 {[%clk 01:35:42]} {[%emt 00:00:28]} 27. Re7
{[%clk 01:11:39]} {[%emt 00:03:45]} Nd5 {[%clk 01:34:55]} {[%emt 00:01:16]} 28.
Rxg7 {[%clk 01:04:56]} {[%emt 00:07:15]} Rf6 {[%clk 01:34:53]} {[%emt
00:00:32]} 29. b4+ {[%clk 01:01:54]} {[%emt 00:03:32]} Kd6 {[%clk 01:35:04]}
{[%emt 00:00:17]} 30. Rxa7 {[%clk 01:01:56]} {[%emt 00:00:29]} Ke5 {[%clk
01:34:32]} {[%emt 00:01:02]} 31. Ra5 {[%clk 01:00:22]} {[%emt 00:02:04]} Kd4
{[%clk 01:34:51]} {[%emt 00:00:11]} 32. Re1 {[%clk 00:58:08]} {[%emt 00:02:44]}
Nc3 {[%clk 01:34:51]} {[%emt 00:00:30]} 33. Rc5 {[%clk 00:58:05]} {[%emt
00:00:34]} h5 {[%clk 01:32:32]} {[%emt 00:02:48]} 34. Rc4+ {[%clk 00:58:17]}
{[%emt 00:00:19]} Kd5 {[%clk 01:32:56]} {[%emt 00:00:06]} 35. Rxc3 {[%clk
00:58:42]} {[%emt 00:00:05]} h4 {[%clk 01:33:13]} {[%emt 00:00:13]} 36. Re8
{[%clk 00:58:38]} {[%emt 00:00:34]} Rf7 {[%clk 01:33:11]} {[%emt 00:00:31]} 37.
Rc5+ {[%clk 00:58:56]} {[%emt 00:00:13]} Kd6 {[%clk 01:33:34]} {[%emt
00:00:07]} 38. Ree5 {[%clk 00:59:13]} {[%emt 00:00:12]} Ra7 {[%clk 01:33:53]}
{[%emt 00:00:11]} 39. Ra5 {[%clk 00:59:37]} {[%emt 00:00:07]} Rc7 {[%clk
01:34:16]} {[%emt 00:00:06]} 40. c4 {[%clk 00:59:52]} {[%emt 00:00:15]} Rg7
{[%clk 01:34:31]} {[%emt 00:00:15]} 41. Rad5+ {[%clk 01:00:04]} {[%emt
00:00:19]} Kc6 {[%clk 01:34:54]} {[%emt 00:00:07]} 42. Re6+ {[%clk 01:00:03]}
{[%emt 00:00:30]} Kc7 {[%clk 01:35:18]} {[%emt 00:00:06]} 43. Ra5 {[%clk
01:00:23]} {[%emt 00:00:11]} Rg4 {[%clk 01:35:21]} {[%emt 00:00:26]} 44. Ra7+
{[%clk 01:00:39]} {[%emt 00:00:15]} Kd8 {[%clk 01:35:47]} {[%emt 00:00:04]} 45.
Rb6 {[%clk 01:00:07]} {[%emt 00:01:01]} Kc8 {[%clk 01:36:10]} {[%emt 00:00:07]}
46. Rh6 {[%clk 01:00:29]} {[%emt 00:00:08]} Rd4 {[%clk 01:36:24]} {[%emt
00:00:17]} 1-0